|
|
|
|
| LEADER |
01121nam a22002897a 4500 |
| 001 |
36757 |
| 003 |
BD-DhAAL |
| 005 |
20211129104359.0 |
| 008 |
191202t2011 nyua b 001 0 eng d |
| 999 |
|
|
|c 41608
|d 41608
|
| 020 |
|
|
|a 9781259003950
|
| 020 |
|
|
|a 1259003957
|
| 040 |
|
|
|a BD-DhAAL
|
| 082 |
|
|
|a 332.632042
|2 22
|
| 100 |
|
|
|a Valentine, James J.
|9 37844
|
| 245 |
|
|
|a Best practices for equity research analysts :
|b essentials for buy-side and sell-side analysts /
|c James J. Valentine.
|
| 260 |
|
|
|a Maidenhead :
|b McGraw-Hill Professional,
|c c2011.
|
| 300 |
|
|
|a xxiv, 437 pages :
|b illustrations ;
|c 24 cm.
|
| 500 |
|
|
|a Formerly CIP.
|
| 504 |
|
|
|a Includes bibliographical references and index.
|
| 526 |
|
|
|a BBS
|
| 650 |
|
|
|a Investment advisors.
|9 37845
|
| 650 |
|
|
|a Investment analysis.
|9 37846
|
| 650 |
|
|
|a Business & finance
|9 43282
|
| 852 |
|
|
|a Ayesha Abed Library
|c General Stacks
|
| 942 |
|
|
|2 ddc
|c BK
|
| 952 |
|
|
|0 0
|1 0
|2 ddc
|4 0
|6 332_632042000000000_VAL
|7 0
|9 67213
|a BRACUL
|b BRACUL
|c GEN
|d 2019-11-19
|e Karim International
|g 3100.00
|l 2
|m 40
|o 332.632042 VAL
|p 3010036757
|r 2026-05-06
|s 2025-10-12
|t 1
|v 3100.00
|w 2019-11-19
|y BK
|